|
|
|
|
| LEADER |
00759cam a2200241 7i4500 |
| 001 |
0000034754 |
| 005 |
20171207090000.0 |
| 007 |
##ta |
| 008 |
171207t2017 nyuar m i0 a0eng |
| 020 |
# |
# |
|a 9789211129113
|
| 040 |
# |
# |
|a MATR
|
| 090 |
0 |
0 |
|a I 332.67305
|b WOR
|
| 245 |
0 |
0 |
|a WORLD INVESTMENT REPORT 2017.
|
| 264 |
# |
1 |
|a Geneva:
|b United Nations,
|c 2017.
|
| 300 |
# |
# |
|a xiv, 237 pages:
|b illustrations;
|c 30 cm.
|
| 336 |
# |
# |
|a text
|2 rdacontent
|
| 337 |
# |
# |
|a unmediated
|2 rdamedia
|
| 338 |
# |
# |
|a volume
|2 rdacarrier
|
| 650 |
# |
0 |
|a Investments, Foreign
|
| 650 |
# |
0 |
|a International trade
|
| 650 |
# |
0 |
|a International business enterprises
|
| 710 |
2 |
# |
|a United Nations Conference on Trade and Development
|
| 999 |
|
|
|a 0000039655
|b Book
|c Tariffs
|e Business Information Centre
|